Online
Catalog

Catársis de tinta / (Record no. 59922)

MARC details
000 -CABECERA
campo de control de longitud fija 01669nam a2200313 i 4500
003 - IDENTIFICADOR DEL NÚMERO DE CONTROL
campo de control DO-SdBNP
005 - FECHA Y HORA DE LA ÚLTIMA TRANSACCIÓN
campo de control 20251007144317.0
007 - CAMPO FIJO DE DESCRIPCIÓN FÍSICA--INFORMACIÓN GENERAL
campo de control de longitud fija ta
008 - DATOS DE LONGITUD FIJA--INFORMACIÓN GENERAL
campo de control de longitud fija 251007b2003 dr a|||| |||| 00| 0 spa d
020 ## - NÚMERO INTERNACIONAL ESTÁNDAR DEL LIBRO
Número Internacional Estándar del Libro 999345544X
040 ## - FUENTE DE LA CATALOGACIÓN
Centro catalogador/agencia de origen DO-SdBNP
Lengua de catalogación spa
Centro/agencia transcriptor BNPHU
Normas de descripción rda
041 ## - CÓDIGO DE LENGUA
Código de lengua del texto/banda sonora o título independiente spa
082 ## - NÚMERO DE LA CLASIFICACIÓN DECIMAL DEWEY
Número de clasificación xxx
Número de documento/Ítem T225c
Número de edición 22
100 ## - ENTRADA PRINCIPAL--NOMBRE DE PERSONA
Nombre de persona Taulé Paiewonsky, Ginny
Término indicativo de función/relación autor
Código de función/relación aut.
9 (RLIN) 70056
245 10 - MENCIÓN DE TÍTULO
Título Catársis de tinta /
Mención de responsabilidad, etc. Ginny Taulé Paiewonsky ; diseño, Lourdes Periche Agencia Creativa ; diseño de portada, Lourdes Periche ; fotos, Nicole Sánchez.
250 ## - MENCIÓN DE EDICIÓN
Mención de edición Primera edición
264 ## - PRODUCCIÓN, PUBLICACIÓN, DISTRIBUCIÓN, FABRICACIÓN Y COPYRIGHT
Producción, publicación, distribución, fabricación y copyright Santo Domingo, República Dominicana :
Nombre del de productor, editor, distribuidor, fabricante Editora Corripio,
Fecha de producción, publicación, distribución, fabricación o copyright 2003.
300 ## - DESCRIPCIÓN FÍSICA
Extensión 69 páginas ;
Otras características físicas ilustraciones ;
Dimensiones 26 cm.
336 ## - TIPO DE CONTENIDO
Término de tipo de contenido texto
Código de tipo de contenido txt
Fuente rdacontent
337 ## - TIPO DE MEDIO
Nombre/término del tipo de medio sin mediación
Código del tipo de medio n
Fuente rdamedia
338 ## - TIPO DE SOPORTE
Nombre/término del tipo de soporte volumen
Código del tipo de soporte nc
Fuente rdacarrier
505 ## - NOTA DE CONTENIDO CON FORMATO
Nota de contenido con formato Llena. Catársis de tinta, 13 -- Vivir a medias, 15 -- Loba feroz, 17 -- Soledad, 19 -- Sombrilla, 20 -- Ser y estar, 21 -- Adiós, 23 -- Con palabras, 27 -- Valor, 29 -- Presagio, 31 -- Secreto, 33 -- Celebración, 35 -- Evocación medieval, 36 -- Taquicardia, 37 -- Mea culpa, 38 -- Vestida de aliento, 39 -- Una en mil, 43 -- Adelante, 45 -- Mi trébol, 47 -- Un ser simple, 49 -- Certezas, 50 -- Cómplice, 51 -- Despedida, 55 -- Corazón, 57 -- Rutina, 59 -- Último encuentro, 61 -- Respuesta, 62 -- Afirmaciones, 63 --Desdichado, 65 -- Hermes y Hestia, 67
590 ## - NOTA LOCAL (RLIN)
Nota local Inventariado, 2025 /LP
700 1# - PUNTO DE ACCESO ADICIONAL--NOMBRE DE PERSONA
Nombre de persona Periche, Lourdes,
Término indicativo de función/relación diseñador
Código de función/relación di.
9 (RLIN) 74193
700 1# - PUNTO DE ACCESO ADICIONAL--NOMBRE DE PERSONA
Nombre de persona Taulé, Ginny,
Término indicativo de función/relación dibujos
Código de función/relación di.
9 (RLIN) 88664
700 1# - PUNTO DE ACCESO ADICIONAL--NOMBRE DE PERSONA
Nombre de persona Sánchez, Nicole,
Fechas asociadas al nombre 1971-
Término indicativo de función/relación fotógrafos
Código de función/relación fot.
9 (RLIN) 88665
910 ## - DATOS DE OPCIÓN DEL USUARIO (OCLC)
Datos de opción del usuario LoPérez
942 ## - ELEMENTOS DE PUNTO DE ACCESO ADICIONAL (KOHA)
Fuente del sistema de clasificación o colocación Dewey Decimal Classification
Tipo de ítem Koha Libro y Folleto Colección Patrimonio Dominicano
Holdings
Estado de retiro Estado de pérdida Fuente del sistema de clasificación o colocación Restricciones de uso No para préstamo Código de colección Localización permanente Ubicación/localización actual Ubicación en estantería Fecha de adquisición Fuente de adquisición Total de préstamos Signatura topográfica completa Código de barras Fecha visto por última vez Precio válido a partir de Tipo de ítem Koha
    Dewey Decimal Classification Excluido de préstamo   Patrimonio Dominicano Biblioteca Nacional Pedro Henríquez Ureña Biblioteca Nacional Pedro Henríquez Ureña En catalogación 16.12.2021 Donado por Colegio Nuestra Señora de Lourdes   xxx T225c 2025-11160 07.10.2025 07.10.2025 Libro

Powered by Koha